000 01127nam a2200289Ia 4500
005 20211112075556.0
008 130821s2011 xxuab frn 1 deng d
020 _a9780415587433
040 _aCo-BoUCM
_bspa
_cJavier Garzón (modificó)
_d[Nuevo]
041 0 0 _aeng
245 0 0 _aJapan's international relations politics, economics and security
_cGlenn D. Hook ... [y otros autores.]
250 _a3a ed
260 _aNueva York (Estados Unidos)
_bRoutledge
_c2011
300 _axxxix, 587 páginas
_bilustraciones y mapas
490 0 _aSheffield Centre for Japanese Studies / Routledge Series
_v44
504 _aIncluye referencias bibliográficas e índices
650 _aRelaciones internacionales
_98042
651 _aJapón
_bRelaciones internacionales
_y1989-
_927031
651 _aJapón
_xDesarrollo económico
_927031
690 _aRelaciones internacionales
_98042
700 1 _aDobson, Hugo.
_955136
700 1 _aGilson, Julie
_955137
700 1 _aHook, Glenn D.
_955138
700 1 _aHughes, Christopher W.
_955139
942 _cLIBRO
_a6
_e3
_mJ359
_2DEWEY
_h327.52
999 _c76394
_d76394